| 000 | 01056nam0a22002411i 4500 | ||
|---|---|---|---|
| 001 | rc\3188672 | ||
| 005 | 20240723191652.0 | ||
| 021 |
_aRU _b[75-26543а] |
||
| 035 | _a(NLR Aleph) 007338507 | ||
| 090 |
_a6084153 _c6084153 |
||
| 100 | _a20120628d1975 |||y0rusy50 ca | ||
| 101 | 0 | _arus | |
| 102 | _aRU | ||
| 105 | _ay d ||||| | ||
| 200 | 1 |
_aЭкономические и организационные проблемы общественного питания на промышленных предприятиях _e(На примере ДагАССР) _eАвтореф. дис. на соиск. учен. степени канд. экон. наук _e(08.00.05) _fМоск. ин-т нар. хоз-ва им. Г.В. Плеханова |
|
| 210 |
_aМосква _d1975 |
||
| 215 | _a27 с. | ||
| 320 | _aСписок работ авт. в конце текста (8 назв.) | ||
| 700 | 1 |
_aГаджиев _bБ.У. _gБагавутдин Устаевич |
|
| 801 | 0 |
_aRU _bNLR _gpsbo |
|
| 801 | 1 |
_aRU _bELAR _2rusmarc |
|
| 852 |
_aNLR _j76-4/9506 |
||
| 942 | _cBOOK | ||